Los modernos (Record no. 8784)

MARC details
000 -CABECERA
campo de control de longitud fija 01075nam a2200265 a 4500
001 - NÚMERO DE CONTROL
campo de control BRCA_9137
005 - FECHA Y HORA DE LA ÚLTIMA TRANSACCIÓN
campo de control 20190320210531.0
008 - DATOS DE LONGITUD FIJA--INFORMACIÓN GENERAL
campo de control de longitud fija 220118s2017----fr-a######---#000-0#fre-#
020 ## - NÚMERO INTERNACIONAL ESTÁNDAR DEL LIBRO
Número Internacional Estándar del Libro 9782359062281
041 ## - CÓDIGO DE LENGUA
Código de lengua del texto/banda sonora o título independiente fre
044 ## - CÓDIGO DEL PAÍS DE LA ENTIDAD EDITORA/PRODUCTORA
Código MARC del país fr
050 #4 - SIGNATURA TOPOGRÁFICA DE LA BIBLIOTECA DEL CONGRESO
Número de clasificación N6450
Número de documento/Ítem .M63 2017
245 10 - MENCIÓN DE TÍTULO
Título Los modernos
Resto del título dialogues France-Mexique.
260 ## - PUBLICACIÓN, DISTRIBUCIÓN, ETC.
Lugar de publicación, distribución, etc. Lyon, Francia
Nombre del editor, distribuidor, etc. Musée des Beaux-Arts de Lyon
Fecha de publicación, distribución, etc. 2017
300 ## - DESCRIPCIÓN FÍSICA
Extensión 357 p.
Otras características físicas il. (algunas a color)
Dimensiones 28 cm.
500 ## - NOTA GENERAL
Nota general Incluye cronología, notas biográficas, lista de catálogos de exposiciones e índice de artistas
500 ## - NOTA GENERAL
Nota general Incluye piezas de la colección Franz Mayer: p. 219 y 220
500 ## - NOTA GENERAL
Nota general Catálogo de la exposición realizada en el Musée des Beaux-Arts de Lyon (Lyon, Francia), 1 diciembre 2017 - 5 marzo 2018.
500 ## - NOTA GENERAL
Nota general Exposición organizada en asociación con el Museo Nacional de Arte / INBA de México
504 ## - NOTA DE BIBLIOGRAFÍA, ETC.
Nota de bibliografía, etc. Bibliografía : p. 356
546 ## - NOTA DE LENGUA/LENGUAJE
Nota de lengua/lenguaje Texto en : francés
650 14 - PUNTO DE ACCESO ADICIONAL DE MATERIA--TÉRMINO DE MATERIA
Término de materia o nombre geográfico como elemento de entrada Arte moderno
Subdivisión cronológica Siglo XX
Subdivisión geográfica México
9 (RLIN) 22516
650 14 - PUNTO DE ACCESO ADICIONAL DE MATERIA--TÉRMINO DE MATERIA
Término de materia o nombre geográfico como elemento de entrada Arte moderno
Subdivisión cronológica Siglo XX
Subdivisión geográfica Francia
9 (RLIN) 22517
942 ## - ELEMENTOS DE PUNTO DE ACCESO ADICIONAL (KOHA)
Fuente del sistema de clasificación o colocación Library of Congress Classification
Tipo de ítem Koha Libros
Holdings
Estado de retiro Estado de pérdida Estado dañado No para préstamo Localización permanente Ubicación/localización actual Fecha de adquisición Total de préstamos Signatura topográfica completa Código de barras Fecha visto por última vez Precio válido a partir de Tipo de ítem Koha
El ejemplar forma parte de la colección y puede ser consultado según las políticas vigentes.       Biblioteca del Museo Franz Mayer (Rogerio Casas-Alatriste) Biblioteca del Museo Franz Mayer (Rogerio Casas-Alatriste) 22/01/2018   N6450 .M63 2017 02969 22/03/2019 22/03/2019 Libros